II Festival de Música Antiga de Poblet : les mil i una nits de músiques : 14-15-16 d'agost 2014 les mil i una nits de músiques : 14-15-16 d'agost 2014
Descripción Física:
36 pàgs. ; il. col i b/n ; 21 x 15 cm.
Materias:
Monestir de Santa Maria de Poblet
; Festivals de música -- Programes
; Música -- Fins al 500
Idioma:
Catalán
MARC
| LEADER | 00000nam a22000007a 4500 | ||
|---|---|---|---|
| 001 | 27058 | ||
| 003 | Arxiu | ||
| 005 | 20260324181145.0 | ||
| 008 | 221129b spa||||| |||| 00| 0 cat d | ||
| 017 | |a B 18640-2014 | ||
| 040 | |a agdb |b cat | ||
| 041 | |a cat | ||
| 111 | |9 54793 |a Festival de Música Antiga de Poblet |n (2n : |d 2014 : |c Poblet, Catalunya) | ||
| 245 | |a II Festival de Música Antiga de Poblet : |b les mil i una nits de músiques : 14-15-16 d'agost 2014 | ||
| 260 | |a Poblet : |b Monestir de Poblet ; |c 2014 | ||
| 300 | |a 36 pàgs. ; |b il. col i b/n ; |c 21 x 15 cm. | ||
| 610 | 2 | 0 | |9 52909 |a Monestir de Santa Maria de Poblet |
| 650 | 0 | |9 52910 |a Festivals de música |x Programes | |
| 650 | 0 | |9 52911 |a Música |y Fins al 500 | |
| 710 | 2 | |9 52909 |a Monestir de Santa Maria de Poblet | |
| 942 | |2 udc |c ARXIU |n 1 | ||
| 952 | |0 0 |1 0 |2 udc |4 0 |6 FU7375 |7 1 |9 64433 |a Arxiu |b Arxiu |d 2022-11-29 |l 0 |o FU-73-75 |p 27058 |r 2022-11-29 00:00:00 |w 2022-11-29 |y ARXIU | ||
| 999 | |c 82789 |d 82789 | ||